00479nam a2200193 a 4500001001300000003000900013005001700022008004100039020001000080082001400090100002000104245001700124260003300141300000800174500003500182505002700217650002100244700002000265nice12345678IN_TiNIC20260116011621.0050524s1929 teha grp 000 0 per  ac10000a234bLEV1 aLevonian, Lotfi aGunah Chist? aTehranbMatba Brokheemc1929 a32p aincludes index and biblioraphy2 aPlus Some Other Tracts aSin-Christianity1 aLevonian, Lotfi